[Event "ESP-ch Rapid 2018"]
[Site "Linares"]
[Date "2018.08.19"]
[Round "3"]
[White "Diaz Sanchez, Jose Francisco"]
[Black "Buendia Pinar, Alvaro"]
[Result "1/2-1/2"]
[WhiteElo "1707"]
[BlackElo "2278"]
[Annotator "TA"]
[PlyCount "140"]
[EventDate "2018.08.19"]
[EventType "team-tourn"]
[EventCountry "ESP"]
[SourceTitle "playchess.com"]
[Source "ChessBase"]
[SourceQuality "1"]

{[%evp 14,140,0,0,7,0,-2,-4,0,0,3,0,6,0,17,25,18,18,10,6,22,18,13,9,51,45,84,78,105,99,74,67,68,73,171,175,196,191,230,145,149,60,159,15,11,0,137,128,218,41,83,-26,-21,-20,20,33,172,144,515,529,541,535,1005,975,747,598,628,358,363,212,189,0,342,74,335,335,521,114,122,103,118,118,103,91,129,67,430,91,237,0,0,0,8,0,0,0,0,0,0,0,0,0,8,0,8,0,8,0,168,192,193,185,146,8,8,0,0,0,8,0,8,0,0,0,0,0,0,0,0]} 1. e4 c5 2. c3 Nc6 3. d4 cxd4 4. cxd4 d5 5. e5 Bf5 6. Nf3 {B22: Sicilian: 2 c3} e6 7. Bd3 Bxd3 8. Qxd3 {LiveBook: 3 Games} Nge7 9. a3 (9. Nc3 Rc8 10. O-O Nf5 11. Be3 Be7 12. g4 Nh4 13. Nxh4 Bxh4 {1-0 (66) Heberla,B (2555)-Dvirnyy,D (2532) Katowice 2017}) 9... Nf5 10. b4 Rc8 11. O-O Be7 12. Nc3 {[%cal Bb1c3,Bc3e2,Be2g3][%mdl 32]} h5 13. Ne2 $146 ({Predecessor:} 13. Bb2 g5 {0-1 (39) Bogoljubow,E-Pfeiffer,G Dortmund 1951}) 13... g5 14. Ng3 Ng7 15. Be3 g4 16. Nd2 h4 17. Ne2 Nf5 18. Rac1 Qd7 19. Nb3 b6 20. b5 Nd8 {[%cal Bc6d8,Bd8f7,Bf7d6,Bd6e4][%mdl 32]} 21. Rxc8 Qxc8 22. Rc1 Qd7 23. a4 f6 (23... Nxe3 $16 24. Qxe3 h3) 24. Bf4 $18 Nf7 25. exf6 Bd6 26. Qc2 O-O 27. Qc6 (27. Qd1 $16) 27... Rd8 (27... Qxc6 $14 28. bxc6 Rc8) 28. Bxd6 (28. Qc3 $16) 28... N7xd6 $11 29. Nf4 Kf7 (29... Qxc6 $1 $11 {remains equal.} 30. bxc6 Kf7) 30. Qc2 $36 {[%mdl 2048] Black must now prevent Qe2. White has strong initiative.} Rc8 (30... Ne4 $16) 31. Qd2 $2 (31. Qe2 $1 $18) 31... Ne4 32. Qe2 ({Better is} 32. Qd1 $1 $16 {[%cal Rd1g4]} Rxc1 33. Nxc1) 32... Rxc1+ $11 33. Nxc1 Nxf6 34. Ncd3 {Threatens to win with Ne5+.} Qd6 (34... Qc8 $1 $14) 35. Ne5+ $18 Kg7 $2 {[%mdl 8192] [#]} (35... Kg8 $16 {is more resistant.}) 36. Nh5+ $1 {[%mdl 512]} Nxh5 37. Qxg4+ Kf8 38. Qxh5 {[%csl Ge5][%cal Rh5f7]} Qc7 39. Qh8+ Ke7 {[%cal Rc7c1]} 40. Qh7+ Kd6 {[%cal Rc7c1]} 41. Nf7+ (41. Qxc7+ $142 Kxc7 42. Nf3) 41... Kd7 {[%cal Rc7c1]} 42. Ne5+ $2 ({White should play} 42. g4 $18 Nxd4 43. Ne5+ Kd6 44. Qxc7+ Kxc7 45. Kg2) 42... Kc8 $2 {[%mdl 8192]} (42... Kd6 $11 {and Black stays safe.} 43. Qxc7+ (43. Nf7+ Kd7 $16) 43... Kxc7) 43. Qxc7+ Kxc7 {[%mdl 4096] Endgame KN-KN} 44. Nf3 a6 (44... Kd8 $142 45. Kf1 Ke8) 45. g3 $2 (45. bxa6 $18 {is the precise move to win. And now g4 would win.} Nh6 46. Nxh4) 45... hxg3 $16 46. fxg3 axb5 47. axb5 Nd6 48. g4 Nxb5 49. g5 (49. Kf2 $16) 49... Nd6 $2 {[%mdl 8192] [#]} (49... Kd7 $14) 50. Kg2 $2 (50. h4 $1 $18 {Strongly threatening h5.} Kd7 51. Kf2) 50... b5 {[#]} (50... Kd8 $16) 51. h4 $2 (51. Kf2 $1 $18) 51... b4 $11 52. Nd2 Nf5 53. Kh3 {h5 is the strong threat.} Kd7 ({Not} 53... Nxd4 $2 54. h5 $18) 54. Nb3 Ke7 55. Kg4 Nd6 56. h5 {aiming for h6.} Kf7 57. Kf4 Nc4 58. Kg4 ({Resist} 58. Nc5 Nd6 $14) 58... Kg7 59. Kf4 Kf7 60. Kg4 e5 $2 (60... Kg7 $11) 61. dxe5 $18 Nxe5+ 62. Kf5 Nf3 63. h6 ({White must play} 63. Kf4 $16 Ne1 64. Nc5) 63... Nh4+ $11 {The position is equal.} 64. Kg4 Ng6 65. Kf5 Ne7+ 66. Kf4 Kg6 67. Kg4 Nc8 68. Kf4 Nd6 69. Ke5 Nf7+ 70. Kxd5 Nxg5 {Precision: White = 33%, Black = 35%.} 1/2-1/2

[Event "ESP-ch Rapid 2018"]
[Site "Linares"]
[Date "2018.08.19"]
[Round "4"]
[White "Anton Guijarro, David"]
[Black "Cruz Lledo, Pablo"]
[Result "1/2-1/2"]
[WhiteElo "2652"]
[BlackElo "2432"]
[Annotator "TA"]
[PlyCount "63"]
[EventDate "2018.08.19"]
[EventType "team-tourn"]
[EventCountry "ESP"]
[SourceTitle "playchess.com"]
[Source "ChessBase"]
[SourceQuality "1"]

{[%evp 9,63,14,14,-4,15,10,10,11,18,0,62,64,84,79,100,81,86,53,82,84,82,84,114,14,45,37,39,28,31,0,32,25,17,13,22,10,21,0,0,0,0,-5,-7,-31,0,-4,0,0,0,-87,-91,-85,0,0,0,-34]} 1. Nf3 d5 2. b3 Nc6 3. Bb2 Bg4 4. d4 Bxf3 5. exf3 e6 6. Bb5 $146 {A06: Réti Opening:1 Nf3 d5} ({Predecessor:} 6. f4 g6 7. Nd2 Qf6 8. g3 Nxd4 9. Rb1 O-O-O 10. Bg2 Bg7 {1-0 (19) Sundararajan,K (2469)-Thakur,A (2345) Zalakaros 2016}) 6... Qd7 7. O-O a6 8. Bd3 Nf6 9. Nd2 {[%cal Bb1d2,Bd2f3,Bf3e5][%mdl 32]} Ne7 (9... Nb4 $11) 10. f4 $14 Ng6 11. g3 Bd6 12. Nf3 O-O 13. Ne5 Qc8 14. c4 dxc4 15. bxc4 c5 {[#]} 16. dxc5 (16. Nxg6 $1 $16 hxg6 17. Qf3) 16... Bxc5 (16... Bxe5 $5 17. fxe5 Nd7 $11) 17. Qe2 Rd8 18. Rfd1 Nxe5 19. fxe5 Ne8 20. h4 {[%cal Bh2h4,Bh4h5,Bh5h6][%mdl 32]} g6 21. h5 Qc7 22. Be4 Ng7 23. h6 Nf5 24. Bxf5 gxf5 25. Qh5 {aiming for Qg5+.} Be7 26. Rac1 Rxd1+ 27. Rxd1 Rd8 28. Rxd8+ Qxd8 29. Qe2 {[#]} (29. Qf3 $11 {keeps the balance.}) 29... Bg5 $1 $17 30. Qf3 Qc7 (30... Qd7 $17) 31. Qh5 $11 Be7 32. Qe2 {Precision: White = 33%, Black = 54%.} 1/2-1/2

[Event "ESP-ch Rapid 2018"]
[Site "Linares"]
[Date "2018.08.19"]
[Round "4"]
[White "Perez Candelario, Manuel"]
[Black "Blanco Acevedo, Cristobal Jose"]
[Result "1/2-1/2"]
[WhiteElo "2611"]
[BlackElo "2336"]
[Annotator "TA"]
[PlyCount "108"]
[EventDate "2018.08.19"]
[EventType "team-tourn"]
[EventCountry "ESP"]
[SourceTitle "playchess.com"]
[Source "ChessBase"]
[SourceQuality "1"]

{[%evp 10,108,58,31,39,11,9,8,19,23,31,10,43,25,41,37,43,33,39,31,41,13,14,-24,-7,-38,-36,-38,-38,-33,-17,-11,-3,-30,64,68,64,74,68,35,108,76,133,130,190,163,226,144,160,151,210,117,326,308,281,83,103,83,132,-44,-43,-97,-75,-90,-74,-74,-51,-39,-67,-61,-6,-6,-12,-35,-35,-35,-35,-35,-35,-35,-35,-35,-35,-35,-35,-35,-35,-35,-35,-35,-35,-35,-35,-35,-35,-35,-35,-35,-11,-11,-11]} 1. e4 d6 2. d4 g6 3. Nf3 Bg7 4. Bc4 e6 5. Bb3 Nd7 (5... Ne7 6. O-O O-O 7. Re1 Nd7 8. c3 a6 9. Nbd2 b5 10. Nf1 c5 11. Ng3 Bb7 12. Bf4 e5 13. Be3 exd4 14. cxd4 {0-1 (40) Grandelius,N (2653)-Dubov,D (2677) Germany 2017}) 6. c3 {LiveBook: 3 Games. B06: Modern Defence} Ngf6 7. Nbd2 {[%cal Bb1d2,Bd2f1,Bf1g3][%mdl 32]} O-O 8. O-O b6 9. Re1 e5 $146 ({Predecessor:} 9... Bb7 10. Qc2 c5 11. h3 b5 12. a3 Rc8 13. Ba2 Qb6 14. Qd3 {1-0 (28) Alachihin,V (2201)-Uryadov,S (1895) Dimitrovgrad 2009}) 10. Nf1 Qe7 11. Ng3 Rd8 12. a4 {[%cal Ba2a4,Ba4a5][%mdl 32]} h6 13. a5 b5 14. a6 c5 15. Qe2 Rb8 16. h4 Rb6 17. h5 Nxh5 18. Nxh5 gxh5 19. dxc5 Nxc5 20. Bd5 Bg4 21. Be3 Rxa6 ({Black should try} 21... b4 $11) 22. Qxb5 $14 Rxa1 23. Rxa1 a6 24. Qc4 Rc8 (24... Bxf3 $14 25. gxf3 Qf6) 25. Bxc5 Rxc5 (25... dxc5 $142 26. Nh2 (26. Rxa6 Bxf3 27. gxf3 Qg5+ 28. Kh1 Qc1+ 29. Kg2 Qg5+ 30. Kf1 Qc1+ 31. Kg2 Qg5+ 32. Kf1 Qc1+ 33. Kg2 $11) (26. Qxa6 Rb8 $16) 26... Be6) 26. Qxa6 $16 Kh7 (26... Bxf3 $16 27. gxf3 h4) 27. Qd3 Qc7 (27... h4 {might work better.} 28. Nd2 Rc7) 28. Nh4 Bf6 29. Nf5 $1 h4 (29... Bxf5 $16 {keeps fighting.} 30. exf5 Kg7) 30. Ra8 (30. Ne3 $18 Be6 31. Ra3) 30... Ra5 $2 {[#]} (30... Bg5 $16) 31. Rf8 $1 $18 {[%cal Rf8f7]} Bh5 {[#]} 32. Kh2 $2 (32. Bxf7 $1 $18 {and the rest is easy.} Bxf7 33. Nxd6 (33. Qxd6 Ra1+ 34. Kh2 Qxd6 $16)) 32... Bg5 $16 33. g3 hxg3+ 34. Nxg3 $2 ({Avoid the trap} 34. fxg3 $2 Ra1 $19) (34. Kxg3 $16 Bg6 35. c4) 34... Qe7 $15 35. Rb8 (35. Ra8 $15 Rxa8 36. Bxa8) 35... Bf4 36. Kg2 Qh4 {And now ...Ra1 would win.} 37. Ra8 Rxa8 38. Bxa8 Bg4 39. b4 {[%cal Bb2b4,Bb4b5][%mdl 32]} Qh3+ (39... Qg5 $15 40. Kh1 h5) 40. Kg1 $11 h5 {[%cal Bh6h5,Bh5h4,Bh4g3][%mdl 32] Hoping for ...h4.} 41. b5 {With the idea b6.} h4 {[%cal Rf4g3]} 42. Qf1 hxg3 {[%csl Gf4,Gg3][%cal Rh3h2]} 43. Qxh3+ Bxh3 44. b6 {aiming for b7.} Bc8 45. b7 {[#]} Bxb7 $1 46. Bxb7 gxf2+ 47. Kxf2 $15 {[%mdl 4096] Endgame KB-KB} Bd2 48. c4 Kg6 49. Bc8 Bb4 50. Kf3 Kg5 51. Bd7 Bc5 52. Bc8 Kf6 53. Kg4 Ke7 54. Kf5 Bd4 {Precision: White = 46%, Black = 49%.} 1/2-1/2

[Event "ESP-ch Rapid 2018"]
[Site "Linares"]
[Date "2018.08.19"]
[Round "4"]
[White "Ljubojevic, Ljubomir"]
[Black "Salgado Lopez, Ivan"]
[Result "1/2-1/2"]
[WhiteElo "2571"]
[BlackElo "2643"]
[Annotator "TA"]
[PlyCount "65"]
[EventDate "2018.08.19"]
[EventType "team-tourn"]
[EventCountry "ESP"]
[SourceTitle "playchess.com"]
[Source "ChessBase"]
[SourceQuality "1"]

{[%evp 23,65,1,28,10,10,0,8,-19,-22,-36,0,0,0,-18,0,0,0,0,0,0,0,0,0,0,0,0,14,7,15,0,0,0,0,7,31,0,9,13,43,43,30,0,10,10]} 1. d4 Nf6 2. c4 e6 3. Nf3 d5 4. Nc3 c6 5. e3 Nbd7 6. Qc2 b6 7. b3 Bb7 8. Bb2 Be7 9. Be2 O-O 10. O-O Rc8 11. Rfd1 Qc7 12. Rac1 {D45: Damengambit (Anti-Meraner Variante)} Rfe8 {LiveBook: 3 Partien} (12... Rfd8 13. Bd3 h6 14. h3 Qb8 15. Qe2 dxc4 16. Bxc4 b5 17. Bd3 b4 18. Na4 {½-½ (55) Nikolic,P (2669)-Malakhov,V (2689) Sibenik 2008}) 13. h3 h6 $146 ({Vorgänger:} 13... dxc4 14. bxc4 c5 15. d5 exd5 16. cxd5 a6 17. e4 {1-0 (32) Bacak,M (2031)-Sen,B (1596) Antalya 2017}) 14. Qb1 Qb8 15. e4 (15. Qa1 {keeps more tension.} Rcd8 16. Bd3 Rc8 17. Rc2 Bd6 18. Qb1) 15... dxe4 16. Nxe4 c5 17. Nxf6+ Nxf6 18. dxc5 Bxc5 19. Be5 Qa8 $1 20. b4 Be7 21. Qb2 Red8 22. a3 Bc6 23. Rd4 Rxd4 24. Bxd4 Rd8 25. b5 Bb7 26. c5 bxc5 27. Bxc5 Bxc5 28. Rxc5 Qb8 29. Qe5 Qxe5 30. Nxe5 {Und Tc7 würde nun gewinnen.} Nd5 31. Bf3 Kf8 32. Nc6 Rc8 33. Bxd5 {Precision: Weiß = 47%, Schwarz = 38%.} 1/2-1/2

[Event "ESP-ch Rapid 2018"]
[Site "Linares"]
[Date "2018.08.19"]
[Round "4"]
[White "Ibarra Jerez, Jose Carlos"]
[Black "Fernandez Garcia, Jose Miguel"]
[Result "1/2-1/2"]
[WhiteElo "2570"]
[BlackElo "2404"]
[Annotator "TA"]
[PlyCount "50"]
[EventDate "2018.08.19"]
[EventType "team-tourn"]
[EventCountry "ESP"]
[SourceTitle "playchess.com"]
[Source "ChessBase"]
[SourceQuality "1"]

{[%evp 16,50,67,5,20,20,25,9,23,0,20,0,66,53,70,58,81,23,43,0,0,0,0,0,0,0,0,0,0,0,0,0,0,-113,0,-183,44]} 1. e4 {Ramirez Alvarez,Alejandro} c5 2. Nf3 {[%cal Bg1f3,Bf3d4,Bd4b5,Bb5c3][%mdl 32]} b6 3. d4 cxd4 4. Nxd4 Bb7 5. Nc3 g6 6. Bf4 {B27: Sicilian: 2 Nf3, unusual Black 2nd moves} Nc6 7. Nd5 Rc8 8. Nb5 d6 9. Qd2 {LiveBook: 3 Games} (9. c3 $14) 9... a6 $146 ({Predecessor:} 9... Bg7 10. O-O-O a6 11. Nxe7 axb5 12. Nxc8 Qxc8 13. Bxb5 Nge7 14. Bxd6 {1-0 (47) Karjakin,S (2756)-Kamsky,G (2721) Beijing 2013 CBM 158 [Ramirez Alvarez,Alejandro]}) 10. Nbc3 e6 11. Ne3 $1 b5 12. O-O-O {[%cal Rf4d6]} Nf6 13. f3 {[%cal Rf4d6]} Qb6 (13... b4 $11 14. Ne2 e5) 14. Kb1 Be7 15. Bh6 Nd7 16. f4 (16. g4 $16) 16... Nc5 17. Bd3 Na5 18. b4 Nc4 19. Bxc4 bxc4 20. Qd4 $36 {[%mdl 2048] White has the initiative.} Qxb4+ 21. Ka1 Rg8 {...Nxe4! is the strong threat.} 22. Rb1 Qa5 23. Nxc4 Qc7 {And now ...Nd7 would win.} 24. Rhd1 {[#]} (24. e5 $11 {remains equal.} dxe5 25. fxe5) 24... Nd7 (24... Bxe4 $1 $17 {[%mdl 512]} 25. Nxe4 Nxe4 26. Qxe4 d5) 25. Rd3 $2 (25. Nxd6+ $11 {and White is okay.} Bxd6 26. Qxd6 Qxc3+ 27. Rb2) 25... Ba8 $2 {Precision: White = 43%, Black = 40%.} (25... Qxc4 $19 26. Qxc4 Rxc4 27. Rxb7 f5) 1/2-1/2

[Event "ESP-ch Rapid 2018"]
[Site "Linares"]
[Date "2018.08.19"]
[Round "4"]
[White "Santos Ruiz, Miguel"]
[Black "De La Fuente Gonzalez, Francisco"]
[Result "1-0"]
[WhiteElo "2517"]
[BlackElo "2174"]
[Annotator "TA"]
[PlyCount "41"]
[EventDate "2018.08.19"]
[EventType "team-tourn"]
[EventCountry "ESP"]
[SourceTitle "playchess.com"]
[Source "ChessBase"]
[SourceQuality "1"]

{[%evp 9,41,90,94,93,131,117,164,154,159,168,304,309,295,254,260,283,274,254,261,210,375,383,835,820,819,431,567,542,544,518,944,912,29988,29989]} 1. c4 c5 2. Nf3 Nc6 3. Nc3 e5 4. e3 g6 5. d4 exd4 (5... d6 6. dxc5 dxc5 7. Qxd8+ Kxd8 8. b3 Nb4 9. Rb1 f6 10. a3 Nc6 11. Be2 Bf5 12. Rb2 Rc8 {1-0 (67) Rasmussen,K (2424)-Greger,R (2380) Denmark 2011}) 6. exd4 {A35: Symmetrical English: 2 Nc3 Nc6 3 Nf3} cxd4 7. Nxd4 Nf6 {[#]} 8. Ndb5 $1 {Black must now prevent Qe2+.White is clearly better.} d6 9. Bf4 $146 ({Predecessor:} 9. Bg5 Be7 10. c5 dxc5 11. Qxd8+ Kxd8 12. Nd6 Be6 {1-0 (23) Carneiro,V (2302)-Goncalves,R (1884) Blumenau 2014}) 9... Ne5 {[#]} (9... Be6 $142 10. Be2 (10. Bxd6 Bxd6 11. Nxd6+ Kf8 $16) 10... a6) 10. c5 $1 $18 {[%mdl 512]} a6 (10... dxc5 11. Bxe5) 11. Nxd6+ Bxd6 12. cxd6 Nc6 13. Be2 O-O 14. O-O Be6 $2 (14... Re8 {is a better defense.} 15. Bf3 Qa5) 15. Bg5 Ne5 $2 {[#]} (15... Re8 16. d7 Rf8) 16. Ne4 $1 {[%mdl 512]} Ned7 (16... Nxe4 17. Bxd8) 17. Rc1 {[%cal Ba1c1,Bc1c7,Bc7e7][%mdl 32] And now Qd4 would win.} Bf5 18. Nxf6+ Nxf6 19. Rc7 b5 (19... h6 $142 20. Bxh6 Re8) 20. Qd4 Kg7 21. Re7 {Precision: White = 69%, Black = 22%.} 1-0

[Event "ESP-ch Rapid 2018"]
[Site "Linares"]
[Date "2018.08.19"]
[Round "4"]
[White "Arizmendi Martinez, Julen Luis"]
[Black "Espinosa Aranda, Angel"]
[Result "1/2-1/2"]
[WhiteElo "2507"]
[BlackElo "2451"]
[Annotator "TA"]
[PlyCount "27"]
[EventDate "2018.08.19"]
[EventType "team-tourn"]
[EventCountry "ESP"]
[SourceTitle "playchess.com"]
[Source "ChessBase"]
[SourceQuality "1"]

{[%evp 16,27,57,20,77,72,70,77,72,0,80,0,72,0]} 1. e4 c5 2. Nf3 d6 3. d4 cxd4 4. Nxd4 Nf6 5. Nc3 Nc6 6. Bg5 g6 7. Bxf6 exf6 8. Bb5 {B60: Sicilian: Richter-Rauzer: Unusual Black 6th moves and 6...Bd7 without 7 Qd2} Bd7 9. Nde2 {LiveBook: 9 Games} a6 (9... Be6 $1 $11 {keeps the balance.}) 10. Ba4 $16 Be6 $146 ({Predecessor:} 10... b5 11. Bb3 Na5 12. O-O Be7 13. Qd2 O-O 14. Nd5 Re8 15. Nxe7+ Rxe7 {½-½ (24) Korneev,O (2643)-Nabaty,T (2568) Nova Gorica 2014}) 11. Nd4 Bd7 12. Nde2 Be6 $1 13. Nd4 Bd7 $1 14. Nde2 ({White should play} 14. Qd2 $16) 1/2-1/2

[Event "ESP-ch Rapid 2018"]
[Site "Linares"]
[Date "2018.08.19"]
[Round "4"]
[White "Cuenca Jimenez, Jose Fernando"]
[Black "Santos Latasa, Jaime"]
[Result "0-1"]
[WhiteElo "2506"]
[BlackElo "2582"]
[Annotator "TA"]
[PlyCount "96"]
[EventDate "2018.08.19"]
[EventType "team-tourn"]
[EventCountry "ESP"]
[SourceTitle "playchess.com"]
[Source "ChessBase"]
[SourceQuality "1"]

{[%evp 28,96,5,13,0,13,6,0,0,-68,0,-21,0,0,0,-69,-14,-12,0,-4,-2,-2,0,-17,74,-45,-45,-112,-106,-107,-107,-111,-106,-119,-114,-123,-110,-117,-72,-84,-82,-354,-345,-346,-332,-490,-468,-474,-470,-560,-532,-538,-535,-564,-477,-824,-836,-879,-705,-886,-881,-901,-900,-1104,-1072,-1054,-1051,-1018,-995,-12838,-9504]} 1. e4 e5 2. Nf3 Nc6 3. Bb5 a6 4. Ba4 Nf6 5. O-O Be7 6. Re1 b5 7. Bb3 d6 8. c3 O-O 9. h3 Nb8 10. d4 Nbd7 11. c4 c6 12. Qc2 {C95: Closed Ruy Lopez: Breyer Variation with 10 d4} (12. Be3 Bb7 13. Nbd2 c5 14. d5 Nb6 15. Qc2 Bc8 16. a4 bxa4 17. Bxa4 Nxa4 18. Rxa4 Bd7 19. Ra3 Ne8 {1-0 (55) Adhiban,B (2661)-Amin,B (2700) Sharjah 2018}) 12... Bb7 13. Nc3 b4 14. Ne2 exd4 15. Nexd4 {LiveBook: 3 Games} g6 16. Ba4 Qc7 17. Bh6 Rfe8 {[#]} 18. Ne2 $146 (18. Nb3 $11) ({Predecessor:} 18. Nb3 a5 19. Bf4 Qc8 {1-0 (69) Bock,S (2518)-Legemaat,G (2269) ICCF email 2012}) 18... Bf8 19. Bxf8 Kxf8 20. Ng3 Nc5 21. Re2 (21. Qd1 $11) 21... Kg7 (21... a5 $15) 22. Rae1 $11 Nfd7 23. Bb3 a5 {[#] ...a4 is the strong threat.} 24. Qd2 Ne5 25. Nd4 Bc8 (25... Kh8 $11 {keeps the balance.}) 26. Qg5 (26. f4 $16) 26... Qd8 $36 {[%mdl 2048] Black is pushing.} 27. Nh5+ ({Better is} 27. Qxd8 $15 Rxd8 28. Bc2) 27... Kh8 $17 28. Qf6+ Qxf6 29. Nxf6 Rf8 30. f4 Ned3 31. Rf1 Kg7 32. e5 dxe5 33. fxe5 Be6 34. Nf3 $2 {[%mdl 8192] [#]} (34. Rb1 $17 {might work better.}) 34... a4 $19 35. Bd1 Bxc4 36. Rd2 (36. b3 $142 axb3 37. axb3 Bxb3 38. Bxb3 Nxb3 39. Re3) 36... Bxa2 {Black is clearly winning.} 37. Be2 Nf4 38. Nd4 Nxe2+ 39. Nxe2 Rfd8 40. Rc2 Nd3 41. Rxc6 (41. Nc1 $142) 41... Nxe5 42. Rc7 Rac8 43. Rxc8 Rxc8 44. Nd4 Bc4 45. Rf2 a3 46. bxa3 bxa3 47. Ne4 a2 48. Nc2 Bd3 {Precision: White = 37%, Black = 70%.} 0-1

[Event "ESP-ch Rapid 2018"]
[Site "Linares"]
[Date "2018.08.19"]
[Round "4"]
[White "Ladron De Guevara Pinto, Paolo"]
[Black "Dominguez Alcon, Victor"]
[Result "1-0"]
[WhiteElo "2424"]
[BlackElo "2172"]
[Annotator "TA"]
[PlyCount "43"]
[EventDate "2018.08.19"]
[EventType "team-tourn"]
[EventCountry "ESP"]
[SourceTitle "playchess.com"]
[Source "ChessBase"]
[SourceQuality "1"]

{[%evp 16,43,49,16,145,140,207,217,207,222,205,199,235,209,207,204,206,197,198,187,229,221,237,220,284,255,252,245,1466,1457]} 1. e4 c5 2. Nf3 d6 3. d4 cxd4 4. Nxd4 Nf6 5. Nc3 a6 6. h3 e5 7. Nde2 {[%cal Bd4e2,Be2g3,Bg3f5][%mdl 32]} h5 {B90: Sicilian Najdorf: Unusual White 6th moves, 6 Be3 Ng4 and 6 Be3 e5} 8. Bg5 Be7 9. Ng3 {LiveBook: 34 Games} Nbd7 $146 (9... h4 $11 {keeps the balance.} 10. Nf5 Bxf5 11. exf5 Nc6) ({Predecessor:} 9... g6 10. Bc4 Nc6 11. Qd2 Na5 12. Bb3 Nxb3 13. axb3 Be6 14. O-O-O Qa5 15. Kb1 {0-1 (35) Oparin,G (2563)-Najer,E (2674) Moscow 2015}) 10. Nf5 $16 Nc5 (10... Kf8 $16 11. a4 Nc5) 11. Nxg7+ $18 Kf8 12. Bxf6 $1 Bxf6 13. Nxh5 Bg5 14. Ng3 Be6 15. Be2 Qb6 16. Rb1 Bh4 17. Bg4 Bxg3 18. fxg3 Ke7 {intending ...Nxe4.} 19. Rf1 Rh6 20. Qd2 Rg6 21. Bxe6 Kxe6 $2 {[#]} (21... fxe6 22. g4 (22. Qf2 Rag8 $18) 22... Rag8) 22. Qd5+ {Precision: White = 85%, Black = 37%.} 1-0

[Event "ESP-ch Rapid 2018"]
[Site "Linares"]
[Date "2018.08.19"]
[Round "4"]
[White "Tejedor Fuente, Enrique"]
[Black "Moreno Trujillo, Alejandro"]
[Result "0-1"]
[WhiteElo "2408"]
[BlackElo "2497"]
[Annotator "TA"]
[PlyCount "126"]
[EventDate "2018.08.19"]
[EventType "team-tourn"]
[EventCountry "ESP"]
[SourceTitle "playchess.com"]
[Source "ChessBase"]
[SourceQuality "1"]

{[%evp 22,126,0,0,0,-18,0,0,0,-22,-18,-22,-18,-23,-15,-27,-18,-14,0,-7,0,0,-8,-10,0,-39,0,0,-2,0,0,-50,-50,-43,-31,-43,-20,-163,-183,-182,-147,-168,-160,-180,-174,-167,-179,-179,-193,-178,-144,-137,-112,-150,-147,-141,-144,-158,-156,-228,-222,-237,-218,-220,-200,-236,-159,-253,-245,-279,-264,-260,-218,-214,-214,-420,-407,-441,-437,-470,-446,-796,-762,-908,-830,-908,-792,-2497,-1943,-2491,-2208,-12839,-12838,-12842,-12842,-12840,-11758,-12843,-12843,-12844,-12844,-12844,-12844,-12846,-12846,-12847,-12846]} 1. e4 e6 2. d4 d5 3. Nd2 dxe4 4. Nxe4 Nd7 5. Nf3 Ngf6 6. Bd3 Nxe4 7. Bxe4 Nf6 8. Bg5 Qd6 {C10: French with 3 Nc3: Unusual Black 3rd moves and 3...dxe4} (8... Be7 9. Bxf6 Bxf6 10. Qd3 Qd6 11. O-O-O h6 12. Qe3 Qb6 13. Rhe1 c5 14. Qa3 cxd4 15. Nxd4 Bxd4 16. Qa4+ Bd7 17. Qxd4 Qxd4 18. Rxd4 {1-0 (37) So,W (2773)-Bareev,E (2675) Chess Supersite INT 2016}) 9. Bxf6 gxf6 10. Qe2 Bd7 11. O-O-O O-O-O 12. Kb1 {LiveBook: 4 Games} Kb8 13. d5 $146 ({Predecessor:} 13. c4 Bc6 14. d5 exd5 15. Bxd5 Re8 16. Qc2 Bxd5 17. Rxd5 {1-0 (73) Kochetkova,J (2289)-Bistrikova,E (2230) St Petersburg 2003}) 13... Qb6 14. dxe6 Ba3 $1 {[%csl Ga3][%cal Rb6b2] [#]} 15. c3 fxe6 16. Nd4 Bd6 17. Bd3 Be5 18. Bc4 Bc8 {[%cal Re5d4]} 19. Qe3 Rd6 20. Nf3 Qxe3 21. fxe3 Rxd1+ 22. Rxd1 Bd6 23. Rd4 Bc5 24. Rf4 f5 25. e4 $1 e5 26. Nxe5 (26. Rxf5 {seems wilder.} Bxf5 27. exf5 e4 28. Ng5 Bd6 29. h3) 26... Bd6 $36 {[%mdl 2048] Black has some pressure.} 27. Nf7 {Strongly threatening e5.} Bxf4 28. Nxh8 Bxh2 29. exf5 (29. Bd3 $1 $11 {and White stays safe.}) 29... Bxf5+ $15 {[%mdl 4096] Endgame KBB-KBN} 30. Kc1 Bf4+ 31. Kd1 Be4 32. Ke2 Bxg2 33. Bd3 h5 34. Kf2 Bd5 35. Ng6 Bc1 36. b3 a5 37. Kg3 Bd2 38. c4 Be6 39. Be2 Be1+ 40. Kg2 {[#]} (40. Kf4 $17 {was necessary.}) 40... h4 $1 $19 41. Nf4 Bf5 42. Bd3 Bg4 43. Be4 Ka7 44. Nd3 (44. Nd5 $17 {might work better.}) 44... Bg3 45. a3 Bd6 46. c5 Be7 47. b4 a4 48. c6 $2 (48. Nf2 {was called for.} Be6 49. Nd3) 48... b6 {[%cal Bb7b6,Bb6b5][%mdl 32]} 49. Ne5 Be6 {Black is clearly winning.} 50. Nf3 Bf6 51. Bc2 (51. Ne1 $142 Bb2 52. Nc2) 51... b5 52. Nd2 h3+ 53. Kh1 Bb2 54. Ne4 Bxa3 55. Nc3 Kb6 56. Bd3 Bxb4 57. Nxb5 Bd5+ 58. Kh2 Bg2 59. Kg1 Bc5+ 60. Kh2 Bd6+ 61. Nxd6 cxd6 62. Bg6 a3 63. Bb1 Kxc6 {Precision: White = 31%, Black = 78%.} 0-1